Statistics for Cliches about What's Better

Click here to take the quiz!

General Stats

  • This quiz has been taken 27,245 times
  • The average score is 10 of 22

Answer Stats

Cliché% Correct
Better to {give} than to receive
99%
Better {late} than never
89%
{Actions} speak louder than words
85%
Better {safe} than sorry
85%
{Something} is better than nothing
77%
A {picture} is worth a thousand words
71%
The {pen} is mightier than the sword
70%
Better to have {loved} {and} {lost}
than never to have loved at all
67%
You can catch more flies with {honey} than with vinegar
63%
Better to be {alone} than in bad company
62%
Two {heads} are better than one
62%
A {bird} {in} {the} {hand} is worth two in the bush
55%
Better the {devil} {you} {know} than the devil you don't
44%
Better to be a {live} {coward} than a dead hero
38%
An ounce of {prevention} is worth a pound of cure
35%
Better to {light} {a} {candle} than to curse the darkness
15%
Half a {loaf} is better than none
8%
A {volunteer} is worth ten pressed men
7%
Better to {wear} {out} than to rust out
5%
Better to be the {head} {of} {a} {dog} than the tail of a lion
4%
A handful of {patience} is worth more
than a bushel of brains
2%
Better to {flatter} a fool than to fight him
2%

Score Distribution

Percentile by Number Answered

Percent of People with Each Score

Your Score History

You have not taken this quiz